|
|
|
|
| LEADER |
00000nam0a2200000 4500 |
| 001 |
377776 |
| 005 |
20231102012940.0 |
| 035 |
|
|
|a (RuTPU)RU\TPU\retro\35229
|
| 090 |
|
|
|a 377776
|
| 100 |
|
|
|a 20230405d1978 m y0rusy50 ca
|
| 101 |
0 |
|
|a rus
|
| 102 |
|
|
|a RU
|
| 105 |
|
|
|a a j 000zy
|
| 200 |
1 |
|
|a Воздушно-реактивные двигатели
|e учебное пособие
|f Д. Ф. Пичугин, Л. Г. Шайморданов
|g Куйбышевский авиационный институт им. С. П. Королева
|
| 210 |
|
|
|a Куйбышев
|c [Б. и.]
|d 1978
|
| 215 |
|
|
|a 80 с.
|c ил.
|
| 606 |
1 |
|
|a Воздушно-реактивные двигатели
|2 stltpush
|3 (RuTPU)RU\TPU\subj\80989
|9 88421
|
| 610 |
1 |
|
|a авиационные двигатели
|
| 610 |
1 |
|
|a параметры
|
| 610 |
1 |
|
|a конструктивные элементы
|
| 610 |
1 |
|
|a силовые установки
|
| 610 |
1 |
|
|a турбины
|
| 610 |
1 |
|
|a характеристики
|
| 610 |
1 |
|
|a учебные пособия
|
| 675 |
|
|
|a 621.452(075.8)
|v 4
|
| 700 |
|
1 |
|a Пичугин
|b Д. Ф.
|g Дмитрий Федорович
|
| 701 |
|
1 |
|a Шайморданов
|b Л. Г.
|g Лев Гайнувович
|
| 712 |
0 |
2 |
|a Куйбышевский авиационный институт им. С. П. Королева
|c (1969-1992)
|2 stltpush
|3 (RuTPU)RU\TPU\col\8161
|9 24490
|
| 801 |
|
1 |
|a RU
|b 63413507
|c 20230405
|
| 942 |
|
|
|c BK
|